Vzdelávanie dospelých v digitálnom svete

Vzdelávanie dospelých ako organizovaný proces vzdelávania, na ktoromkoľvek stupni s rôznym obsahom a metódou. Vzdelávací proces a práca s informačno-komunikačnými technológiami. Využívanie prostriedkov IKT v edukačnom procese. Rast popularity digitálnych komunikačných technológií.

Guardado en:
Detalles Bibliográficos
Autor principal: Kútna, Anna
Otros Autores: Palásthy, Hedviga
Formato: Capítulo de libro
Lenguaje:eslovaco
Materias:
Etiquetas: Agregar Etiqueta
Sin Etiquetas, Sea el primero en etiquetar este registro!

MARC

LEADER 00000nla$a2200000$$$4500
001 0113402
005 20221128081920.5
041 0 |a slo 
044 |a SK 
245 1 0 |a Vzdelávanie dospelých v digitálnom svete  |c Anna Kútna, Hedviga Palásthy 
520 |a Vzdelávanie dospelých ako organizovaný proces vzdelávania, na ktoromkoľvek stupni s rôznym obsahom a metódou. Vzdelávací proces a práca s informačno-komunikačnými technológiami. Využívanie prostriedkov IKT v edukačnom procese. Rast popularity digitálnych komunikačných technológií. 
610 2 0 |a andragogika 
610 2 0 |a vzdelávanie dospelých 
610 2 0 |a vzdelávanie elektronické 
610 2 0 |a technológie informačné 
610 2 0 |a technológie komunikačné 
100 1 |a Kútna, Anna 
700 1 |a Palásthy, Hedviga